000 00898pam a2200265 i 4500
999 _c2093
_d2093
003 OSt
005 20210706095150.0
008 800827s1981 maua b 001 0 eng
020 _a0669039500
040 _cALUPE UNIVERSITY
050 0 0 _aRC620
_b.G83 1981
060 _aQU11.1 G942n
100 1 _aGuggenheim, Yechiel Karl,
_d1906-
245 1 0 _aNutrition and nutritional diseases :
_bthe evolution of concepts /
_cKarl Y. Guggenheim, with assistance of Ira Wolinsky.
260 _aLexington, Mass. :
_bCollamore Press,
_cc1981.
300 _axii, 378 p. :
_bill. ;
_c24 cm.
504 _aIncludes bibliographical references and indexes.
650 0 _aNutrition disorders.
650 0 _aNutrition.
650 2 _aNutrition
_xHistory.
650 2 _aDeficiency diseases.
700 1 _aWolinsky, Ira,
_ejoint author.
906 _a7
_bcbc
_corignew
_d1
_eocip
_f19
_gy-gencatlg
942 _2lcc
_cBK
_nPW